000 00327 a2200169 4500
001 174642
020 _a85-322-0387-6
040 _cMagnum
100 _aPorto, Cristina
240 1 0 _aA pipa
_lpor
245 1 0 _aA pipa
300 _a24
362 0 _a1991
440 1 _aFTD
697 _aLITERATURA INFANTIL
942 _cBK
999 _c174642
_d174642